Normal view
MARC view
- Raj G, Ed
Entry Personal Name
001 - CONTROL NUMBER
- control field: 109006
003 - CONTROL NUMBER IDENTIFIER
- control field: OSt
005 - DATE AND TIME OF LATEST TRANSACTION
- control field: 20230125043418.0
008 - FIXED-LENGTH DATA ELEMENTS
- fixed length control field: 230125|| aca||aabn | a|a d
040 ## - CATALOGING SOURCE
- Original cataloging agency: OSt
- Transcribing agency: OSt
100 ## - HEADING--PERSONAL NAME
- Personal name: Raj G, Ed
670 ## - SOURCE DATA FOUND
- Source citation: Work cat.: (OSt)85715: Raj G, Ed., Dictionary of Advertising, 1998